CORPORATE FINANCE THEORY AND PRACTICE (Record no. 1127)

MARC details
000 -LEADER
fixed length control field 00359nam a2200145Ia 4500
008 - FIXED-LENGTH DATA ELEMENTS--GENERAL INFORMATION
fixed length control field 240624s9999 xx 000 0 und d
041 ## - LANGUAGE CODE
Language code of text/sound track or separate title eng
082 ## - DEWEY DECIMAL CLASSIFICATION NUMBER
Classification number 658.15224 DOM
100 ## - MAIN ENTRY--PERSONAL NAME
Personal name DAMODARAN ASWATH
245 ## - TITLE STATEMENT
Title CORPORATE FINANCE THEORY AND PRACTICE
250 ## - EDITION STATEMENT
Edition statement (2nd ed.)
260 ## - PUBLICATION, DISTRIBUTION, ETC.
Date of publication, distribution, etc. 2004
Place of publication, distribution, etc. New York
Name of publisher, distributor, etc. John Wiley
300 ## - PHYSICAL DESCRIPTION
Extent xxvi, : 982
365 ## - TRADE PRICE
Currency code RS
Holdings
Withdrawn status Lost status Damaged status Not for loan Home library Current library Shelving location Date acquired Source of acquisition Cost, normal purchase price Total Checkouts Total Renewals Full call number Barcode Date last seen Date last checked out Copy number Price effective from Koha item type
Store Books       IMTN IMTN Rack 25-A 11/06/2004 JBD 415.65 1 1 658.15224 DOM 1127 08/16/2024 07/26/2024 1 06/24/2024 Books
Designed & Maintained by: LRC IMT Nagpur Contact: lrc@imtnag.ac.in© 2024. All Rights Reserved.